10+ Brazil Caps Since 2000 - Statistics

General Stats
  • This quiz has been taken 271 times
  • The average score is 70 of 125
Answer Stats
Debut Last Most Apps For Pos Player Cps Gls % Correct
2010 Barcelona LW Neymar 128 79
99%
2008 2022 Paris Saint-Germain CB Thiago Silva 113 7
96%
2006 2022 Barcelona RB Dani Alves 126 8
95%
2015 Liverpool GK Alisson Becker 65
94%
2001 2010 Arsenal DM Gilberto Silva 89 3
94%
2011 Real Madrid DM Casemiro 75 7
93%
2017 Manchester City GK Ederson 25
93%
2006 2018 Real Madrid LB Marcelo 58 6
93%
1992 2006 Real Madrid LB Roberto Carlos 57 6
93%
1999 2013 Barcelona LW Ronaldinho 82 23
93%
1994 2011 Real Madrid ST Ronaldo 43 26
93%
2011 2019 Manchester City DM Fernandinho 53 2
92%
2016 Manchester City ST Gabriel Jesus 64 18
92%
2013 Paris Saint-Germain CB Marquinhos 85 7
92%
2014 Liverpool ST Roberto Firmino 55 17
92%
2010 2018 Chelsea CB David Luiz 57 3
91%
2002 2016 Milan AM Kaká 91 28
90%
2011 2019 Chelsea LW Willian 70 9
90%
2011 2017 Flamengo GK Diego Alves 10
89%
2019 Aston Villa CM Douglas Luiz 15
89%
2011 2015 Shanghai Port AM Oscar 47 12
89%
2019 Real Madrid LW Vinícius Júnior 30 3
89%
2019 Real Madrid RW Rodrygo 23 6
88%
2010 2022 Liverpool LW Philippe Coutinho 68 21
87%
2005 2014 Fluminense ST Fred 38 16
86%
2014 2022 Manchester United CM Fred 32
86%
2004 2014 Inter Milan GK Júlio César 86
86%
2018 Everton ST Richarlison 48 20
85%
1993 2003 Barcelona AM Rivaldo 36 17
84%
1995 2006 Milan GK Dida 58
83%
2009 2019 Atlético Madrid LB Filipe Luís 44 2
82%
2000 2011 Bayern Munich CB Lúcio 104 3
82%
2003 2014 Inter Milan RB Maicon 75 7
82%
2021 Barcelona RW Raphinha 23 6
82%
2003 2017 Milan LW Robinho 99 29
81%
2011 Juventus RB Danilo 57 1
80%
2018 Real Madrid CB Éder Militão 31 2
80%
2022 Arsenal LW Gabriel Martinelli 11 2
80%
2013 2014 Nice CB Dante 13 2
79%
2011 2022 Juventus LB Alex Sandro 40 2
78%
2020 Newcastle United DM Bruno Guimarães 22 1
78%
2015 Monaco DM Fabinho 29
78%
2009 2014 Chelsea CM Ramires 52 4
77%
1990 2006 Roma RB Cafu 56 1
76%
2014 2018 Shakhtar Donetsk RW Douglas Costa 31 3
76%
2011 2018 Paris Saint-Germain RW Lucas Moura 36 4
76%
2000 2010 Inter Milan ST Adriano 47 26
75%
2003 2013 Sevilla LB Adriano 16
75%
2007 2013 Liverpool DM Lucas Leiva 24
74%
1995 2003 Middlesbrough AM Juninho Paulista 24 3
73%
2009 2012 Tottenham Hotspur DM Sandro 17 1
73%
2019 Tottenham Hotspur RB Emerson Royal 10
72%
1999 2006 Lyon AM Juninho Pernambucano 34 4
72%
2008 2013 Milan ST Alexandre Pato 27 10
71%
2009 2021 Atlético Mineiro ST Hulk 49 11
70%
2007 2014 Corinthians ST 20 5
70%
2011 2018 Corinthians CM Paulinho 56 13
67%
1995 2006 Bayern Munich LM Zé Roberto 47 2
66%
1998 2005 Fenerbahçe AM Alex 35 6
65%
2002 2011 Chelsea CB Alex 18
65%
2021 Ajax RW Antony 16 2
64%
2013 2014 Paris Saint-Germain LB Maxwell 10
64%
2018 Barcelona CM Arthur Melo 22 1
60%
1997 2006 Roma DM Emerson 50 3
60%
2018 Flamengo AM Lucas Paquetá 46 10
60%
2011 2016 Wolfsburg DM Luiz Gustavo 41 2
59%
2021 Wolverhampton Wanderers ST Matheus Cunha 11
56%
2019 Atlético Madrid LB Renan Lodi 19
53%
2018 2020 Napoli CM Allan 10
49%
2003 2013 Sevilla ST Luís Fabiano 45 27
48%
2001 2010 Bayer Leverkusen CB Juan 77 7
47%
2014 2017 Corinthians CB Gil 11
45%
2007 2021 São Paulo CB Miranda 58 3
45%
1999 2005 Milan CB Roque Júnior 45 2
44%
2009 2010 Palmeiras DM Felipe Melo 22 2
43%
2001 2011 Benfica CB Luisão 44 3
42%
2004 2007 CSKA Moscow ST Vágner Love 20 4
42%
2003 2017 Flamengo AM Diego 34 4
41%
2014 2022 Flamengo RW Éverton Ribeiro 23 3
41%
2012 2014 Shakhtar Donetsk LW Bernard 14 1
40%
1996 2003 Real Betis LW Denílson 23 3
40%
1997 2006 São Paulo GK Rogério Ceni 11
40%
2018 Grêmio LW Everton Soares 24 3
39%
2016 2022 Flamengo ST Gabriel Barbosa 18 5
39%
2003 2010 Hertha Berlin LM Gilberto 36 1
39%
2003 2010 PSV GK Heurelho Gomes 11
39%
2019 2023 Porto LB Alex Telles 12
38%
2009 2013 Fenerbahçe LB André Santos 24
38%
2011 2018 Corinthians AM Renato Augusto 33 6
36%
2000 2007 Lyon DM Edmílson 38 1
35%
2004 2005 Arsenal CM Edu Gaspar 15
34%
1996 2004 São Paulo LM Júnior 13 1
34%
2001 2005 Barcelona RB Juliano Belletti 22 1
33%
2001 2009 Lyon CB Cris 16 1
29%
2004 2011 Santos AM Elano Blumer 50 9
29%
2002 2009 Internacional LB Kléber 21
29%
2009 2010 Lyon LM Michel Bastos 10 1
29%
2001 2010 Sevilla AM Júlio Baptista 48 5
28%
2002 2010 Flamengo CM Kléberson 32 2
28%
1999 2005 Palmeiras GK Marcos 26
28%
2007 2010 Wolfsburg DM Josué 28 1
24%
2008 2014 São Paulo AM Hernanes 27 2
23%
2011 2016 Benfica SS Jonas 12 3
22%
2011 2018 Cruzeiro CB Dedé 11 1
21%
2007 2010 Roma GK Doni 10
21%
2003 2011 Villarreal ST Nilmar 23 8
21%
2016 2023 Palmeiras GK Weverton 10
21%
2005 2006 Sivasspor RB Cicinho 14
20%
2017 2019 Corinthians RB Fagner 10
20%
2011 2015 Botafogo GK Jefferson 22
17%
2011 2013 Internacional ST Leandro Damião 17 3
16%
2003 2005 Sevilla DM Renato 27
16%
1993 2002 Kashiwa Reysol ST Edílson 20 6
13%
2001 2008 São Paulo DM Mineiro 24
13%
2004 2016 Santos ST Ricardo Oliveira 15 5
12%
1996 2002 Hertha Berlin ST Luizão 11 3
11%
2000 2006 Santos AM Ricardinho 22 1
11%
2015 2017 Santos AM Lucas Lima 14 2
10%
1998 2002 PSV RB Vampeta 25 2
10%
1991 2001 Roma CB Antônio Carlos Zago 11 2
9%
2004 2007 CSKA Moscow CM Dudu Cearense 11
9%
2010 2016 Corinthians CM Elias 35
9%
2009 2015 Atlético Mineiro ST Diego Tardelli 14 3
7%
2002 2003 Sporting CP CB Ânderson Polga 11 3
6%
2010 2017 Corinthians AM Giuliano 14
3%
No matching quizzes found
Score Distribution
Percent of People with Each Score
Percentile by Number Answered
Your Score History
You have not taken this quiz